书目信息 |
| 题名: |
“三个代表”重要思想的理论与实践
|
|
| 作者: | 刘林元 著 | |
| 分册: | ||
| 出版信息: | 北京 社会科学文献出版社 2007.06 |
|
| 页数: | 477页 | |
| 开本: | 21cm | |
| 丛书名: | 江苏省“三个代表”重要思想研究文库 | |
| 单 册: | ||
| 中图分类: | D261 | |
| 科图分类: | ||
| 主题词: | “三个代表”--“san ge dai biao”--研究 | |
| 电子资源: | ||
| ISBN: | 978-7-80230-668-4 | |
| 000 | 01353nam 2200265 450 | |
| 005 | 20080918085538.67 | |
| 010 | @a978-7-80230-668-4@dCNY39.00 | |
| 100 | @a20070620d2007 em y0chiy0121 ea | |
| 101 | 0 | @achi |
| 102 | @aCN@b110000 | |
| 105 | @ay a 000yy | |
| 200 | 1 | @a“三个代表”重要思想的理论与实践@A“san ge dai biao”zhong yao si xiang de li lun yu shi jian@d= Theory and practice of the important thoughts of "Three Representatives"@f刘林元著@zeng |
| 210 | @a北京@c社会科学文献出版社@d2007.06 | |
| 215 | @a477页@d21cm | |
| 225 | 2 | @a江苏省“三个代表”重要思想研究文库@Ajiang su sheng“san ge dai biao”zhong yao si xiang yan jiu wen ku |
| 320 | @a有书目 (第475-476页) | |
| 330 | @a该书深入分析了“三个代表”重要思想产生的时代背景,深刻的理论内涵。它是解放思想的理论结晶,是与时俱进地发展着的中国的马克思主义,是中国马克思主义者对马克思主义做出的重大理论贡献。该书还着重阐述“三个代表”重要思想是对党的执政规律的升华,是新时期党的建设的指导方针和战略定位,对经济建设和制定治国方略具有指导意义。 | |
| 410 | 0 | @12001 @a江苏省“三个代表”重要思想研究文库 |
| 510 | 1 | @aTheory and practice of the important thoughts of "Three Representatives"@zeng |
| 606 | 0 | @a“三个代表”@A“san ge dai biao”@x研究 |
| 690 | @aD261@v4 | |
| 701 | @a刘林元@Aliu lin yuan@4著 | |
| 801 | @aCN@bLR@c20080918 | |
| 905 | @aZUCC@dD261@eL640 | |
| 999 | @aLYX | |
| “三个代表”重要思想的理论与实践= Theory and practice of the important thoughts of "Three Representatives"/刘林元著.-北京:社会科学文献出版社,2007.06 |
| 477页;21cm.-(江苏省“三个代表”重要思想研究文库) |
| ISBN 978-7-80230-668-4:CNY39.00 |
| 该书深入分析了“三个代表”重要思想产生的时代背景,深刻的理论内涵。它是解放思想的理论结晶,是与时俱进地发展着的中国的马克思主义,是中国马克思主义者对马克思主义做出的重大理论贡献。该书还着重阐述“三个代表”重要思想是对党的执政规律的升华,是新时期党的建设的指导方针和战略定位,对经济建设和制定治国方略具有指导意义。 |
| ● |
| 相关链接 |
|
|
|
正题名:"三个代表"重要思想的理论与实践
索取号:D261/L640
 
预约/预借
| 序号 | 登录号 | 条形码 | 馆藏地/架位号 | 状态 | 备注 |
| 1 | 678435 | 206784354 | 社科库509/509社科库 69排4列1层/ [索取号:D261/L640] | 在馆 | |
| 2 | 678436 | 206784363 | 社科库509/509社科库 69排4列1层/ [索取号:D261/L640] | 在馆 | |
| 3 | 678437 | 206784372 | 社科库509/509社科库 69排4列1层/ [索取号:D261/L640] | 在馆 |